[Event "Krakow ICC op-B"]
[Site "Krakow"]
[Date "2024.06.25"]
[Round "5"]
[White "Botez, Andrea"]
[Black "Jakubiec, Maurycy"]
[Result "1/2-1/2"]
[WhiteElo "1906"]
[BlackElo "1607"]
[PlyCount "98"]
[EventDate "2024.06.20"]
[EventType "swiss"]
[EventRounds "9"]
[EventCountry "POL"]
[SourceTitle "EXT 2025"]
[Source "ChessBase"]
[SourceDate "2024.10.14"]
[SourceVersion "1"]
[SourceVersionDate "2024.10.14"]
[SourceQuality "1"]

1. d4 Nf6 2. Nc3 d5 3. Bf4 c6 4. e3 Bf5 5. f3 e6 6. g4 Bg6 7. h4 h6 8. Bd3 Bxd3 9. Qxd3 Bd6 10. Nge2 Na6 11. 0-0-0 Bxf4 12. Nxf4 Qe7 13. g5 Nd7 14. g6 0-0-0 15. e4 Qf6 16. Nce2 e5 17. dxe5 Nxe5 18. Qc3 dxe4 19. Nd5 Qe6 20. Nef4 Qe8 21. gxf7 Qxf7 22. Qxe5 cxd5 23. Nxd5 Rhe8 24. Qc3+ Kb8 25. fxe4 Rxe4 26. Qg3+ Kc8 27. Qd3 Ree8 28. Qc4+ Kb8 29. Rhf1 Qe6 30. Kb1 Qe4 31. Qxe4 Rxe4 32. h5 Re5 33. Nf4 Rxd1+ 34. Rxd1 Kc7 35. Rg1 Kd6 36. Rg6+ Ke7 37. Rxg7+ Kf8 38. Rg1 Rf5 39. Rf1 Kf7 40. Rf2 Nc5 41. Nd3 Rxf2 42. Nxf2 Kf6 43. b4 Ne6 44. c4 Kg5 45. Kc2 Kxh5 46. Kd3 Kh4 47. Ke3 Kg3 48. Ne4+ Kg4 49. Nf2+ Kg3 1/2-1/2

[Event "Krakow ICC op-B"]
[Site "Krakow"]
[Date "2024.06.22"]
[Round "1"]
[White "Botez, Alexandra"]
[Black "Jakubiec, Maurycy"]
[Result "1-0"]
[WhiteElo "2011"]
[BlackElo "1607"]
[PlyCount "94"]
[EventDate "2024.06.20"]
[EventType "swiss"]
[EventRounds "9"]
[EventCountry "POL"]
[SourceTitle "EXT 2025"]
[Source "ChessBase"]
[SourceDate "2024.10.14"]
[SourceVersion "1"]
[SourceVersionDate "2024.10.14"]
[SourceQuality "1"]

1. d4 Nf6 2. c4 e6 3. Nc3 d5 4. cxd5 exd5 5. Bf4 Bd6 6. Bxd6 Qxd6 7. e3 Bf5 8. Nf3 0-0 9. Nh4 Be6 10. Bd3 Nc6 11. Rc1 a6 12. 0-0 Rfe8 13. Na4 Nd7 14. a3 Ne7 15. Qc2 b5 16. Nc5 Nxc5 17. dxc5 Qe5 18. Bxh7+ Kh8 19. Bd3 Bg4 20. h3 Qg5 21. hxg4 Qxh4 22. f3 c6 23. Qf2 Qxf2+ 24. Kxf2 g6 25. Rh1+ Kg7 26. Rh3 f6 27. Rch1 Rh8 28. Rxh8 Rxh8 29. Rxh8 Kxh8 30. b4 Kg7 31. e4 dxe4 32. Bxe4 Kf7 33. Ke3 Ke6 34. Kd4 Kd7 35. Bb1 g5 36. Bf5+ Kd8 37. g3 Nd5 38. Be4 Ne7 39. f4 gxf4 40. gxf4 Kd7 41. Bc2 Nd5 42. Ke4 f5+ 43. gxf5 Nf6+ 44. Kd4 Nd5 45. Be4 Ne7 46. Ke5 Ng8 47. f6 Nh6 1-0